[Event "44th Chess Olympiad Women 2022"]
[Site "Chennai"]
[Date "2022.08.05"]
[Round "7.8"]
[White "Worek, Joanna"]
[Black "Matnadze, Ana"]
[Result "1-0"]
[WhiteElo "2280"]
[BlackElo "2406"]
[Annotator "TA"]
[PlyCount "107"]
[EventDate "2022.07.29"]
[EventType "team-tourn"]
[EventCountry "IND"]
[SourceTitle "playchess.com"]
[Source "ChessBase"]
[SourceQuality "1"]
[WhiteTeam "Czech Republic"]
[BlackTeam "Spain"]
[WhiteTeamCountry "CZE"]
[BlackTeamCountry "ESP"]

1. e4 c6 2. d4 d5 3. e5 a6 4. Nf3 Bg4 5. Nbd2 e6 6. h3 Bh5 7. Bd3 c5 8. dxc5 Bxc5 9. O-O Nc6 10. g4 Bg6 11. Bxg6 hxg6 12. Kg2 Qc7 13. Qe2 Nge7 14. c3 Bb6 15. b3 g5 16. Re1 Ng6 17. Nf1 d4 18. Bxg5 dxc3 19. Qe4 Nce7 20. Rac1 Nd5 21. Ng3 Qc5 22. Rc2 Bd8 23. Be3 Qb4 24. Nd4 Bc7 25. Nh5 Bxe5 26. a3 Nxe3+ 27. fxe3 Qe7 28. Nc6 Qh4 29. Nxe5 Rxh5 30. Nxg6 Qxh3+ 31. Kf2 Rh6 32. Nf4 Qxg4 33. Qf3 Rh2+ 34. Ng2 Qh4+ 35. Kf1 Qg5 36. Kg1 Qe5 37. Qxb7 Rd8 38. Qc6+ Kf8 39. Qxc3 Qg3 40. Rf1 Qh3 41. Qb4+ Kg8 42. Qe4 g6 43. Qf4 Rh1+ 44. Kf2 Rxf1+ 45. Kxf1 Rd5 46. Kg1 Rh5 47. Rc8+ Kg7 48. Rc5 Qh1+ 49. Kf2 Rh2 50. Qe5+ Kh7 51. Qg3 Kg7 52. b4 Rh8 53. Qe5+ Kh7 54. Rc4 1-0

[Event "44th Chess Olympiad Women 2022"]
[Site "Chennai"]
[Date "2022.08.05"]
[Round "7.9"]
[White "Miranda Llanes, Yerisbel"]
[Black "Bayarmaa, Bayarjargal"]
[Result "1/2-1/2"]
[WhiteElo "2347"]
[BlackElo "2171"]
[Annotator "TA"]
[PlyCount "184"]
[EventDate "2022.07.29"]
[EventType "team-tourn"]
[EventCountry "IND"]
[SourceTitle "playchess.com"]
[Source "ChessBase"]
[SourceQuality "1"]
[WhiteTeam "Cuba"]
[BlackTeam "Mongolia"]
[WhiteTeamCountry "CUB"]
[BlackTeamCountry "MGL"]

1. d4 Nf6 2. c4 g6 3. Nc3 Bg7 4. e4 d6 5. Nf3 O-O 6. Be2 e5 7. Be3 Bg4 8. h3 Bxf3 9. Bxf3 exd4 10. Bxd4 Nc6 11. Be3 Re8 12. O-O Nd7 13. Qd2 Bxc3 14. Qxc3 Qf6 15. Qc2 Nc5 16. Rab1 a5 17. a3 a4 18. Rfd1 Qe7 19. Re1 Qf6 20. Rbd1 Nb3 21. Be2 Ncd4 22. Qd3 Ne6 23. Qc2 Ned4 24. Qd3 Ne6 25. Qb1 h5 26. Bf1 h4 27. Bd2 Nxd2 28. Rxd2 Nc5 29. Rd5 b6 30. Qc2 Re6 31. f3 Qf4 32. Red1 Rae8 33. Qd2 Qxd2 34. R5xd2 Rf6 35. Bd3 Kg7 36. Bc2 Rf4 37. Rd4 g5 38. Kf2 Kh6 39. R1d2 Re5 40. Rd1 Kg7 41. R1d2 Kf6 42. Rd1 Ke7 43. R1d2 Rf6 44. Rd1 Rg6 45. Rd5 Rg8 46. R5d2 Ra8 47. Rc1 Ne6 48. Rcd1 Nf4 49. Bd3 b5 50. Bf1 bxc4 51. Rc1 Rb5 52. Bxc4 Rc5 53. Rcc2 Rb8 54. Ke3 f6 55. Kd4 Ra5 56. Ke3 c6 57. Rc3 Rb6 58. Kf2 d5 59. exd5 cxd5 60. Bf1 Ra7 61. g3 hxg3+ 62. Kxg3 Rab7 63. Rcc2 Kd6 64. h4 Ke5 65. hxg5 Rg7 66. Rc8 Rxg5+ 67. Kf2 Rh5 68. Kg3 Rg5+ 69. Kf2 Ne6 70. Ra8 Nc5 71. Re8+ Kd6 72. Rd8+ Kc6 73. Rc2 Kc7 74. Ra8 Kb7 75. Ra5 Ne6 76. Rxa4 Rh5 77. Bg2 Rb5 78. Rg4 Rh7 79. b4 f5 80. Rg6 Nf4 81. Rg5 d4 82. Rd2 Rd5 83. Kg3 Nh5+ 84. Kf2 Nf4 85. Kg3 Nxg2 86. Kxg2 Rc7 87. Kf2 Rc3 88. Rg1 Rxa3 89. Rgd1 d3 90. Ke3 Rb3 91. Rxd3 Rdxd3+ 92. Rxd3 Rxb4 1/2-1/2

[Event "44th Chess Olympiad Women 2022"]
[Site "Chennai"]
[Date "2022.08.05"]
[Round "7.10"]
[White "Karavade, Eesha"]
[Black "Georgescu, Lena"]
[Result "1-0"]
[WhiteElo "2339"]
[BlackElo "2279"]
[Annotator "TA"]
[PlyCount "67"]
[EventDate "2022.07.29"]
[EventType "team-tourn"]
[EventCountry "IND"]
[SourceTitle "playchess.com"]
[Source "ChessBase"]
[SourceQuality "1"]
[WhiteTeam "India"]
[BlackTeam "Switzerland"]
[WhiteTeamCountry "IND"]
[BlackTeamCountry "SUI"]

1. d4 Nf6 2. c4 e6 3. g3 d5 4. Bg2 Bb4+ 5. Nd2 O-O 6. Ngf3 b6 7. O-O Bb7 8. a3 Be7 9. cxd5 exd5 10. b4 c6 11. Bb2 a5 12. Qb3 Nbd7 13. Ne5 Nxe5 14. dxe5 Nd7 15. e4 d4 16. Bxd4 axb4 17. axb4 Nxe5 18. Rxa8 Bxa8 19. Bxe5 Qxd2 20. Bc3 Qd7 21. Rd1 Qc8 22. e5 Rd8 23. Rxd8+ Bxd8 24. Qc4 Bb7 25. h4 Be7 26. Qe4 b5 27. Kh2 Qe6 28. Bh3 Qa2 29. Qd4 Bf8 30. Bg2 Qe6 31. Qb6 Qc4 32. Bd2 Qc2 33. Be3 Bc8 34. Qd8 1-0

[Event "44th Chess Olympiad Women 2022"]
[Site "Chennai"]
[Date "2022.08.05"]
[Round "7.10"]
[White "Pratyusha, Bodda"]
[Black "Heinatz, Gundula"]
[Result "1/2-1/2"]
[WhiteElo "2310"]
[BlackElo "2196"]
[Annotator "TA"]
[PlyCount "134"]
[EventDate "2022.07.29"]
[EventType "team-tourn"]
[EventCountry "IND"]
[SourceTitle "playchess.com"]
[Source "ChessBase"]
[SourceQuality "1"]
[WhiteTeam "India"]
[BlackTeam "Switzerland"]
[WhiteTeamCountry "IND"]
[BlackTeamCountry "SUI"]

1. e4 c6 2. d4 d5 3. Nc3 dxe4 4. Nxe4 Bf5 5. Ng3 Bg6 6. h4 h6 7. Nf3 Nd7 8. h5 Bh7 9. Bd3 Bxd3 10. Qxd3 e6 11. Bd2 Ngf6 12. O-O-O Be7 13. Kb1 Qb6 14. Rhe1 O-O-O 15. c4 Bb4 16. Qe2 Bxd2 17. Rxd2 Qa5 18. c5 Rhe8 19. Red1 Qc7 20. Qc4 Qf4 21. Qa4 Nxc5 22. Qxa7 Nce4 23. Nxe4 Qxe4+ 24. Ka1 Kc7 25. Qa5+ Kb8 26. Qe5+ Qxe5 27. Nxe5 Re7 28. g4 Nd5 29. Kb1 f6 30. Ng6 Red7 31. Kc1 Kc7 32. a3 b5 33. Re1 Rd6 34. Rde2 Kd7 35. Re4 Ra8 36. Kb1 Rb8 37. f3 Ra8 38. f4 Rg8 39. f5 exf5 40. gxf5 Kd8 41. Kc2 Rd7 42. Re6 Kc7 43. Ne7 Nxe7 44. Rxe7 Rgd8 45. Kc3 Kb6 46. Rxd7 Rxd7 47. Rg1 Kc7 48. Rg4 Kb6 49. b3 Ra7 50. Kb4 Rd7 51. a4 bxa4 52. bxa4 Rd5 53. Rxg7 Rxd4+ 54. Kb3 Rf4 55. Rg6 Rxf5 56. Rxh6 Kc5 57. Rh8 Rf3+ 58. Kb2 Rh3 59. h6 Kc4 60. h7 f5 61. a5 Rb3+ 62. Kc2 Rb7 63. a6 Ra7 64. Kd2 Re7 65. Rc8 Rxh7 66. Rxc6+ Kb5 67. Rf6 Ra7 1/2-1/2

[Event "44th Chess Olympiad Women 2022"]
[Site "Chennai"]
[Date "2022.08.05"]
[Round "7.10"]
[White "Hakimifard, Ghazal"]
[Black "Nandhidhaa, P V"]
[Result "0-1"]
[WhiteElo "2296"]
[BlackElo "2312"]
[Annotator "TA"]
[PlyCount "102"]
[EventDate "2022.07.29"]
[EventType "team-tourn"]
[EventCountry "IND"]
[SourceTitle "playchess.com"]
[Source "ChessBase"]
[SourceQuality "1"]
[WhiteTeam "Switzerland"]
[BlackTeam "India"]
[WhiteTeamCountry "SUI"]
[BlackTeamCountry "IND"]

1. e4 c5 2. Nf3 e6 3. d4 cxd4 4. Nxd4 Nc6 5. Nc3 Qc7 6. Be3 Nf6 7. Be2 Be7 8. O-O O-O 9. Kh1 d6 10. f4 Nxd4 11. Bxd4 e5 12. Be3 a6 13. a4 exf4 14. Rxf4 Be6 15. Nd5 Bxd5 16. exd5 Nd7 17. Bd4 Ne5 18. a5 g6 19. Bb6 Qd7 20. c4 Bg5 21. Rf1 Rac8 22. Qd4 Qe7 23. Rae1 Bh4 24. g3 Bf6 25. Qf4 Bg7 26. b4 Qd7 27. Rd1 Qa4 28. c5 Nd7 29. Bf3 Be5 30. Qh4 Qb5 31. Rfe1 Bc3 32. Re4 Nxb6 33. cxb6 Rfe8 34. Rf4 Be5 35. Re4 Rc2 36. Qh6 Rf2 37. Qe3 Rb2 38. Be2 Qa4 39. Rf1 Rxb4 40. Rxb4 Qxb4 41. Qf2 Re7 42. Bd3 Qxa5 43. Be4 Qb4 44. Qc2 Qxb6 45. Rb1 Qe3 46. Bg2 Bd4 47. Qc8+ Kg7 48. Rf1 Qd2 49. h4 Re1 50. Rxe1 Qxe1+ 51. Kh2 Be5 0-1

[Event "44th Chess Olympiad Women 2022"]
[Site "Chennai"]
[Date "2022.08.05"]
[Round "7.10"]
[White "Stoeri, Laura"]
[Black "Vishwa Vasnawala"]
[Result "1/2-1/2"]
[WhiteElo "2084"]
[BlackElo "2305"]
[Annotator "TA"]
[PlyCount "172"]
[EventDate "2022.07.29"]
[EventType "team-tourn"]
[EventCountry "IND"]
[SourceTitle "playchess.com"]
[Source "ChessBase"]
[SourceQuality "1"]
[WhiteTeam "Switzerland"]
[BlackTeam "India"]
[WhiteTeamCountry "SUI"]
[BlackTeamCountry "IND"]

1. e4 e5 2. Nf3 Nc6 3. Bb5 a6 4. Ba4 Nf6 5. d3 b5 6. Bb3 Bc5 7. a4 Rb8 8. O-O d6 9. axb5 axb5 10. h3 O-O 11. Nc3 h6 12. Re1 Ne7 13. Qe2 Ng6 14. Be3 Bxe3 15. Qxe3 b4 16. Ne2 c5 17. Nd2 Nh5 18. Nc4 Nhf4 19. Qg3 Kh8 20. Ra7 Qf6 21. Ne3 Nh5 22. Qh2 Nh4 23. Ng4 Qg6 24. Kh1 f5 25. exf5 Bxf5 26. Ng3 Bxg4 27. hxg4 Qxg4 28. Nxh5 Qxh5 29. Re4 Qd1+ 30. Qg1 Qh5 31. Qh2 Qd1+ 32. Qg1 Qxg1+ 33. Kxg1 Nf5 34. Bd5 Rf6 35. Rg4 Rbf8 36. c3 bxc3 37. bxc3 g5 38. Rga4 Rg6 39. R4a6 Rg7 40. g4 Ne7 41. Ra8 Rxa8 42. Rxa8+ Ng8 43. Rd8 Kh7 44. Be4+ Kh8 45. Rxd6 Rc7 46. c4 Kg7 47. Re6 Re7 48. Rc6 Nf6 49. f3 Nxe4 50. dxe4 Rd7 51. Rxc5 Rd3 52. Kf2 Rc3 53. Rc6 Rc2+ 54. Ke3 Rc3+ 55. Ke2 Rc2+ 56. Kd3 Rf2 57. Ke3 Ra2 58. Rd6 Rc2 59. Rc6 Ra2 60. Rc5 Ra3+ 61. Ke2 Ra2+ 62. Ke3 Ra3+ 63. Kf2 Ra2+ 64. Kg3 Kf6 65. Rc8 Rc2 66. c5 Kf7 67. Rc6 Kg7 68. Rc7+ Kf6 69. Rc6+ Kg7 70. Rc8 Kf6 71. c6 Kf7 72. c7 Kg7 73. Re8 Rxc7 74. Rxe5 Rc2 75. Rd5 Re2 76. Rd6 Kh7 77. Rd3 Kg6 78. Rd6+ Kg7 79. Rd1 Kf6 80. Rh1 Kg6 81. Rf1 Kf6 82. Rh1 Kg6 83. Rh2 Re3 84. Kf2 Ra3 85. Rh1 Ra2+ 86. Kg3 Re2 1/2-1/2

[Event "44th Chess Olympiad Women 2022"]
[Site "Chennai"]
[Date "2022.08.05"]
[Round "7.11"]
[White "Borosova, Zuzana"]
[Black "Narva, Mai"]
[Result "1-0"]
[WhiteElo "2277"]
[BlackElo "2385"]
[Annotator "TA"]
[PlyCount "140"]
[EventDate "2022.07.29"]
[EventType "team-tourn"]
[EventCountry "IND"]
[SourceTitle "playchess.com"]
[Source "ChessBase"]
[SourceQuality "1"]
[WhiteTeam "Slovakia"]
[BlackTeam "Estonia"]
[WhiteTeamCountry "SVK"]
[BlackTeamCountry "EST"]

1. e4 c5 2. Nf3 e6 3. d4 cxd4 4. Nxd4 Nc6 5. Nc3 Bc5 6. Nb3 Bb6 7. Qe2 Nge7 8. Be3 O-O 9. O-O-O d5 10. Nb5 Bd7 11. Kb1 a5 12. Nc5 Bc8 13. Na4 Bxe3 14. Qxe3 d4 15. Qd2 e5 16. Bc4 Na7 17. c3 Bd7 18. Qe2 Ng6 19. cxd4 Bxb5 20. Bxb5 exd4 21. g3 Qd6 22. b3 Qb4 23. Bd3 Ne5 24. Qe1 Qd6 25. f4 Nxd3 26. Rxd3 b5 27. Nc3 a4 28. Nd5 axb3 29. Rxb3 Nc6 30. f5 Ra3 31. Rxa3 Qxa3 32. Qc1 Qf3 33. Re1 Ne5 34. f6 gxf6 35. Qf4 Qd3+ 36. Ka1 Ng6 37. Qxf6 Rc8 38. Qg5 Ra8 39. Rc1 Qe2 40. Nf6+ Kh8 41. Qd5 Ra7 42. Nh5 Rxa2+ 43. Qxa2 Qxh5 44. Qxf7 Qg4 45. Qf6+ Kg8 46. Qxd4 Nf8 47. Rf1 Ne6 48. Qd5 Qg7+ 49. e5 Qe7 50. Qd6 Qe8 51. Kb2 Kg7 52. Rf6 Ng5 53. Qc7+ Nf7 54. Rb6 Qxe5+ 55. Qxe5+ Nxe5 56. Rxb5 Nf3 57. h4 Nd2 58. Kc2 Nf1 59. Rb3 Kg6 60. Kd1 Kh5 61. Ke2 Nh2 62. Kf2 Ng4+ 63. Kg2 Kg6 64. Rb6+ Kh5 65. Rb5+ Kh6 66. Kf3 Nf6 67. g4 Kg6 68. Ra5 h6 69. Kf4 Kg7 70. Ra7+ Kg8 1-0

[Event "44th Chess Olympiad Women 2022"]
[Site "Chennai"]
[Date "2022.08.05"]
[Round "7.11"]
[White "Narva, Triin"]
[Black "Mrvova, Alena"]
[Result "1/2-1/2"]
[WhiteElo "2066"]
[BlackElo "2165"]
[Annotator "TA"]
[PlyCount "135"]
[EventDate "2022.07.29"]
[EventType "team-tourn"]
[EventCountry "IND"]
[SourceTitle "playchess.com"]
[Source "ChessBase"]
[SourceQuality "1"]
[WhiteTeam "Estonia"]
[BlackTeam "Slovakia"]
[WhiteTeamCountry "EST"]
[BlackTeamCountry "SVK"]

1. e4 c5 2. Nc3 Nc6 3. Bb5 g6 4. f4 Bg7 5. Nf3 Nh6 6. a4 O-O 7. d3 Nd4 8. Bc4 e6 9. O-O f5 10. h3 Kh8 11. Be3 d6 12. Rb1 a6 13. Ng5 Rb8 14. b4 Nc6 15. b5 Ne7 16. Qe1 d5 17. exd5 exd5 18. Bxc5 dxc4 19. Qxe7 cxd3 20. cxd3 b6 21. bxa6 Bxa6 22. Qxd8 Rfxd8 23. Rxb6 Bxd3 24. Rd1 Rbc8 25. Ne6 Rxc5 26. Nxd8 Rxc3 27. Rb8 Bd4+ 28. Kh1 Ng8 29. Ne6 Bf6 30. Rf8 Bc4 31. Ng5 h6 32. Nf3 Bb3 33. Rd7 Bxa4 34. Ra7 Bb3 35. Ra6 Kg7 36. Re8 Bf7 37. Rb8 Rc7 38. Rbb6 g5 39. fxg5 hxg5 40. Ra5 Rc1+ 41. Kh2 g4 42. hxg4 fxg4 43. Ne5 Bd8 44. Rb7 Bc7 45. g3 Rc2+ 46. Kg1 Nh6 47. Rxc7 Rxc7 48. Nxg4 Rc1+ 49. Kg2 Rc2+ 50. Nf2 Kf6 51. Ra6+ Be6 52. Kf3 Nf5 53. g4 Nd4+ 54. Ke3 Nc6 55. Ra3 Bc4 56. Ne4+ Ke5 57. Nd2 Bb5 58. Rb3 Ba4 59. Nf3+ Kf6 60. Rd3 Rg2 61. Kf4 Ne7 62. Rd6+ Kg7 63. Nh4 Rf2+ 64. Kg5 Kf7 65. Rd4 Bc2 66. Rf4+ Rxf4 67. Kxf4 Ng6+ 68. Nxg6 1/2-1/2

[Event "44th Chess Olympiad Women 2022"]
[Site "Chennai"]
[Date "2022.08.05"]
[Round "7.12"]
[White "Guichard, Pauline"]
[Black "Medic, Mirjana"]
[Result "1-0"]
[WhiteElo "2379"]
[BlackElo "2194"]
[Annotator "TA"]
[PlyCount "91"]
[EventDate "2022.07.29"]
[EventType "team-tourn"]
[EventCountry "IND"]
[SourceTitle "playchess.com"]
[Source "ChessBase"]
[SourceQuality "1"]
[WhiteTeam "France"]
[BlackTeam "Croatia"]
[WhiteTeamCountry "FRA"]
[BlackTeamCountry "CRO"]

1. d4 d5 2. c4 e6 3. Nc3 Nf6 4. Nf3 Be7 5. Bf4 O-O 6. e3 b6 7. Be2 Bb7 8. O-O c5 9. cxd5 Nxd5 10. Nxd5 exd5 11. b3 Nd7 12. Rc1 Rc8 13. Qd3 Nf6 14. Rfd1 Ne4 15. Nd2 cxd4 16. exd4 Nxd2 17. Qxd2 Qd7 18. h3 Rxc1 19. Rxc1 Rc8 20. Re1 Re8 21. Bg4 f5 22. Bh5 g6 23. Bf3 Bf6 24. Be5 Bg7 25. h4 Re6 26. h5 Qe7 27. Qf4 Bxe5 28. dxe5 Qd8 29. Rd1 Qc7 30. Bxd5 Bxd5 31. Rxd5 Kg7 32. g3 Qc6 33. h6+ Kf7 34. Qd4 g5 35. Rd7+ Kg6 36. Rd6 Qc8 37. Kh2 Kh5 38. Qd1+ g4 39. Rxe6 Qxe6 40. Qd6 Qxh6 41. e6 Qf6 42. Qd7 f4 43. Qxh7+ Kg5 44. Qh4+ Kf5 45. Qxf6+ Kxf6 46. gxf4 1-0

[Event "44th Chess Olympiad Women 2022"]
[Site "Chennai"]
[Date "2022.08.05"]
[Round "7.12"]
[White "Savina, Anastasia"]
[Black "Radikovic, Anamarija"]
[Result "1/2-1/2"]
[WhiteElo "2377"]
[BlackElo "2099"]
[Annotator "TA"]
[PlyCount "150"]
[EventDate "2022.07.29"]
[EventType "team-tourn"]
[EventCountry "IND"]
[SourceTitle "playchess.com"]
[Source "ChessBase"]
[SourceQuality "1"]
[WhiteTeam "France"]
[BlackTeam "Croatia"]
[WhiteTeamCountry "FRA"]
[BlackTeamCountry "CRO"]

1. d4 Nf6 2. c4 g6 3. Nc3 Bg7 4. e4 d6 5. Be2 O-O 6. h4 c5 7. d5 e6 8. h5 exd5 9. exd5 Re8 10. h6 Bh8 11. Bg5 Qb6 12. b3 Ng4 13. Rc1 Bd4 14. Nh3 Qa5 15. Bd2 Qd8 16. Kf1 f5 17. Bg5 Bf6 18. Qd2 Nd7 19. f3 Nge5 20. Bxf6 Nxf6 21. Nf4 a6 22. Re1 Bd7 23. a4 Re7 24. Bd1 Qf8 25. Kf2 Rae8 26. a5 Nf7 27. Re2 Re5 28. Rxe5 Qe7 29. Nd3 Nxe5 30. Nf4 Nf7 31. Nce2 Ng5 32. Ng3 Nf7 33. Nd3 Ne5 34. Nf4 Nf7 35. Nd3 Ne5 36. Be2 Nxd3+ 37. Bxd3 Qe5 38. Ne2 Kf7 39. g3 Bc8 40. Rb1 Nd7 41. Bc2 Re7 42. Nf4 Nf6 43. Bd1 Ng8 44. Nh3 f4 45. Qxf4+ Qxf4 46. Nxf4 Nxh6 47. g4 Kf6 48. b4 cxb4 49. Rxb4 Nf7 50. Rb6 Rc7 51. Bb3 Rc5 52. Nd3 Rxa5 53. Ke3 h5 54. gxh5 gxh5 55. Bd1 Ra3 56. f4 h4 57. Be2 h3 58. Rb1 Rc3 59. Kd4 Rc2 60. Bf3 Bf5 61. Rxb7 Rd2 62. Be4 h2 63. Rb1 Nh6 64. Ke3 Ra2 65. Bf3 Ra3 66. Rd1 Ng4+ 67. Kd4 Rxd3+ 68. Rxd3 Bxd3 69. Kxd3 Nf2+ 70. Kc3 h1=Q 71. Bxh1 Nxh1 72. c5 dxc5 73. Kc4 a5 74. Kxc5 Ng3 75. Kb5 Ne4 1/2-1/2

[Event "44th Chess Olympiad Women 2022"]
[Site "Chennai"]
[Date "2022.08.05"]
[Round "7.12"]
[White "Berke, Ana"]
[Black "Milliet, Sophie"]
[Result "*"]
[WhiteElo "2163"]
[BlackElo "2396"]
[Annotator "TA"]
[PlyCount "59"]
[EventDate "2022.07.29"]
[EventType "team-tourn"]
[EventCountry "IND"]
[SourceTitle "playchess.com"]
[Source "ChessBase"]
[SourceQuality "1"]
[WhiteTeam "Croatia"]
[BlackTeam "France"]
[WhiteTeamCountry "CRO"]
[BlackTeamCountry "FRA"]

1. e4 c5 2. Nf3 e6 3. c4 Nc6 4. d4 cxd4 5. Nxd4 Nf6 6. Nc3 Bb4 7. Nxc6 bxc6 8. Bd3 e5 9. O-O O-O 10. Rb1 Bxc3 11. bxc3 d6 12. Qa4 Qc7 13. Rd1 Be6 14. c5 d5 15. Bg5 Nd7 16. Be7 Nb6 17. cxb6 axb6 18. Qb4 c5 19. Qxb6 Qxe7 20. exd5 Bxd5 21. Bxh7+ Kxh7 22. Rxd5 Rfb8 23. Qxb8 Rxb8 24. Rxb8 e4 25. Rh5+ Kg6 26. Rh3 Qa7 27. Rg3+ Kh7 28. Rh3+ Kg6 29. Rg3+ Kh7 30. Rh3+ *

[Event "44th Chess Olympiad Women 2022"]
[Site "Chennai"]
[Date "2022.08.05"]
[Round "7.13"]
[White "Borda Rodas, Anapaola S."]
[Black "Zatonskih, Anna"]
[Result "1/2-1/2"]
[WhiteElo "2183"]
[BlackElo "2383"]
[Annotator "TA"]
[PlyCount "60"]
[EventDate "2022.07.29"]
[EventType "team-tourn"]
[EventCountry "IND"]
[SourceTitle "playchess.com"]
[Source "ChessBase"]
[SourceQuality "1"]
[WhiteTeam "Argentina"]
[BlackTeam "United States"]
[WhiteTeamCountry "ARG"]
[BlackTeamCountry "USA"]

1. e4 e6 2. d4 d5 3. Nc3 Nc6 4. Nf3 Nf6 5. exd5 exd5 6. Bd3 Bg4 7. Be3 Be7 8. h3 Bh5 9. g4 Bg6 10. Ne5 Bxd3 11. Qxd3 Nb4 12. Qe2 c6 13. a3 Qa5 14. O-O Na6 15. b4 Qc7 16. Bf4 Qc8 17. b5 Nb8 18. bxc6 bxc6 19. g5 Ne4 20. Nxe4 dxe4 21. Qxe4 Qxh3 22. Nxc6 Qg4+ 23. Kh1 Qh4+ 24. Kg1 Qg4+ 25. Kh1 Qh4+ 26. Kg1 Qg4+ 27. Kh1 Qh4+ 28. Kg1 Qg4+ 29. Kh1 Qh4+ 30. Kg1 Qg4+ 1/2-1/2

[Event "44th Chess Olympiad Women 2022"]
[Site "Chennai"]
[Date "2022.08.05"]
[Round "7.13"]
[White "Zuriel, Marisa"]
[Black "Tokhirjonova, Gulrukhbegim"]
[Result "0-1"]
[WhiteElo "2174"]
[BlackElo "2329"]
[Annotator "TA"]
[PlyCount "114"]
[EventDate "2022.07.29"]
[EventType "team-tourn"]
[EventCountry "IND"]
[SourceTitle "playchess.com"]
[Source "ChessBase"]
[SourceQuality "1"]
[WhiteTeam "Argentina"]
[BlackTeam "United States"]
[WhiteTeamCountry "ARG"]
[BlackTeamCountry "USA"]

1. e4 e5 2. Nf3 Nc6 3. Nc3 Nf6 4. Bb5 Bb4 5. O-O O-O 6. Bxc6 dxc6 7. Nxe5 Bxc3 8. dxc3 Nxe4 9. Qxd8 Rxd8 10. Bf4 Nd6 11. Rad1 Be6 12. a3 a5 13. a4 f6 14. Nd3 b6 15. Rfe1 Kf7 16. f3 g5 17. Bg3 Rd7 18. b3 Rad8 19. Nf2 Bf5 20. Re2 Nb7 21. Rde1 b5 22. h4 h6 23. hxg5 hxg5 24. Ng4 bxa4 25. Nh6+ Kg6 26. Nxf5 Kxf5 27. bxa4 Nc5 28. Bf2 Nxa4 29. Re6 Rd6 30. Re7 R8d7 31. Rxd7 Rxd7 32. Ra1 Nxc3 33. Rxa5+ Rd5 34. Ra7 Nb5 35. Ra6 Rd1+ 36. Kh2 Rd2 37. Rxc6 Rxf2 38. Rc5+ Ke6 39. Rxb5 Rxc2 40. Kg3 c5 41. f4 Kf5 42. fxg5 Kxg5 43. Ra5 f5 44. Kf3 Rc3+ 45. Kf2 Kf4 46. Ra4+ c4 47. Ra5 Rc2+ 48. Kg1 c3 49. Kh2 Rd2 50. Rc5 c2 51. Kh3 Ke3 52. g3 f4 53. gxf4 Kd4 54. Rc8 Rd3+ 55. Kg4 Rc3 56. Rd8+ Ke3 57. Re8+ Kf2 0-1

[Event "44th Chess Olympiad Women 2022"]
[Site "Chennai"]
[Date "2022.08.05"]
[Round "7.14"]
[White "Paehtz, Elisabeth"]
[Black "Atalik, Ekaterina"]
[Result "1-0"]
[WhiteElo "2484"]
[BlackElo "2422"]
[Annotator "TA"]
[PlyCount "97"]
[EventDate "2022.07.29"]
[EventType "team-tourn"]
[EventCountry "IND"]
[SourceTitle "playchess.com"]
[Source "ChessBase"]
[SourceQuality "1"]
[WhiteTeam "Germany"]
[BlackTeam "Turkey"]
[WhiteTeamCountry "GER"]
[BlackTeamCountry "TUR"]

1. d4 Nf6 2. c4 e6 3. Nf3 d5 4. g3 Be7 5. Bg2 O-O 6. Qc2 c6 7. O-O b6 8. Rd1 Bb7 9. Nc3 Nbd7 10. b3 Rc8 11. e4 c5 12. dxc5 dxc4 13. b4 bxc5 14. b5 Qc7 15. Bf4 e5 16. Bg5 h6 17. Bxf6 Nxf6 18. Bf1 Rfd8 19. Bxc4 Rd4 20. Qb3 Bf8 21. Rdc1 Rd7 22. Re1 Rcd8 23. Re3 g6 24. h3 h5 25. b6 axb6 26. Nb5 Qb8 27. Ng5 Bh6 28. Bxf7+ Kh8 29. h4 Bxg5 30. hxg5 Nxe4 31. Qe6 Bd5 32. Qxg6 Rxf7 33. Rxe4 Rg7 34. Qh6+ Kg8 35. Nc3 Ba8 36. Qe6+ Kh7 37. Qh6+ Kg8 38. Qe6+ Kh7 39. Rh4 Rxg5 40. Qf7+ Kh8 41. Qf6+ Rg7 42. Rxh5+ Kg8 43. Qe6+ Rf7 44. Rg5+ Kf8 45. Qh6+ Ke7 46. Re1 Rd6 47. Rgxe5+ Kd7 48. Qh3+ Kc6 49. Re8 1-0

[Event "44th Chess Olympiad Women 2022"]
[Site "Chennai"]
[Date "2022.08.05"]
[Round "7.14"]
[White "Aydin, Gulenay"]
[Black "Heinemann, Josefine"]
[Result "1/2-1/2"]
[WhiteElo "2100"]
[BlackElo "2321"]
[Annotator "TA"]
[PlyCount "65"]
[EventDate "2022.07.29"]
[EventType "team-tourn"]
[EventCountry "IND"]
[SourceTitle "playchess.com"]
[Source "ChessBase"]
[SourceQuality "1"]
[WhiteTeam "Turkey"]
[BlackTeam "Germany"]
[WhiteTeamCountry "TUR"]
[BlackTeamCountry "GER"]

1. e4 c5 2. Nc3 d6 3. Bb5+ Bd7 4. Bxd7+ Qxd7 5. d4 cxd4 6. Qxd4 Nc6 7. Qd3 g6 8. Nf3 Bg7 9. O-O Nf6 10. Nd5 O-O 11. Bg5 Nxd5 12. exd5 Ne5 13. Nxe5 Bxe5 14. Rae1 Rfe8 15. c3 Rac8 16. h4 Bf6 17. Bxf6 exf6 18. Qd4 Qf5 19. Qxa7 Qxd5 20. Rd1 Qc6 21. Qd4 Re6 22. Rfe1 Rce8 23. Rxe6 Rxe6 24. c4 Kg7 25. b3 h5 26. Qd5 Qb6 27. Qd2 Qa6 28. a4 Qb6 29. Qd3 Qb4 30. Qc2 Re5 31. Qd3 Re6 32. Qc2 Re5 33. Qd3 1/2-1/2

[Event "44th Chess Olympiad Women 2022"]
[Site "Chennai"]
[Date "2022.08.05"]
[Round "7.14"]
[White "Kocyigit, Buse Naz"]
[Black "Schneider, Jana"]
[Result "0-1"]
[WhiteElo "1991"]
[BlackElo "2342"]
[Annotator "TA"]
[PlyCount "88"]
[EventDate "2022.07.29"]
[EventType "team-tourn"]
[EventCountry "IND"]
[SourceTitle "playchess.com"]
[Source "ChessBase"]
[SourceQuality "1"]
[WhiteTeam "Turkey"]
[BlackTeam "Germany"]
[WhiteTeamCountry "TUR"]
[BlackTeamCountry "GER"]

1. d4 Nf6 2. Bg5 d5 3. Bxf6 gxf6 4. e3 c5 5. c4 cxd4 6. Qxd4 dxc4 7. Qxd8+ Kxd8 8. Bxc4 e6 9. Ne2 f5 10. Nbc3 Ke7 11. O-O Nd7 12. Rfd1 Bg7 13. Rd2 Rg8 14. Nd4 Nb6 15. Be2 Bh6 16. Bf3 Nc4 17. Re2 e5 18. Nd5+ Kf8 19. Rc2 Nd6 20. Nc7 Rb8 21. Ndb5 Nxb5 22. Nxb5 e4 23. Be2 f4 24. exf4 Bxf4 25. Nxa7 Bh3 26. g3 e3 27. f3 Be5 28. Rd1 Ra8 29. Nb5 Rxa2 30. Bc4 Rxb2 31. Rxb2 Bxb2 32. Re1 Bd7 33. Nd6 Rg6 34. Nxf7 Rc6 35. Bd5 Rc5 36. Bb3 Bd4 37. Nd6 Rc3 38. Bd5 Rc2 39. Be4 Rf2 40. Bd3 e2 41. Kh1 Bh3 42. Nb5 Bc5 43. Nc3 Bg2+ 44. Kg1 Bxf3 0-1

[Event "44th Chess Olympiad Women 2022"]
[Site "Chennai"]
[Date "2022.08.05"]
[Round "7.15"]
[White "Hoang, Thanh Trang"]
[Black "Martynkova, Olena"]
[Result "1/2-1/2"]
[WhiteElo "2376"]
[BlackElo "2213"]
[Annotator "TA"]
[PlyCount "135"]
[EventDate "2022.07.29"]
[EventType "team-tourn"]
[EventCountry "IND"]
[SourceTitle "playchess.com"]
[Source "ChessBase"]
[SourceQuality "1"]
[WhiteTeam "Hungary"]
[BlackTeam "Lithuania"]
[WhiteTeamCountry "HUN"]
[BlackTeamCountry "LTU"]

1. d4 d6 2. e4 Nf6 3. Nc3 e5 4. Nf3 exd4 5. Nxd4 Be7 6. Be2 O-O 7. O-O c6 8. Bf3 Re8 9. Re1 Na6 10. Bf4 Nc5 11. Bg3 a5 12. a4 Qb6 13. b3 Bd7 14. h3 Rad8 15. Qd2 Bc8 16. Rad1 Qb4 17. Na2 Qb6 18. Nc3 Qb4 19. Nb1 g6 20. c3 Qb6 21. Qc2 Ne6 22. Nxe6 Bxe6 23. c4 Nd7 24. Bg4 Nc5 25. Nd2 d5 26. exd5 cxd5 27. Bxe6 Nxe6 28. cxd5 Rxd5 29. Nc4 Rxd1 30. Rxd1 Qb4 31. Be5 Rd8 32. Rxd8+ Bxd8 33. Bc3 Qc5 34. Qd2 b6 35. Qd7 Bc7 36. Qe8+ Qf8 37. Qc6 Qc5 38. Qa8+ Qf8 39. Qf3 Qd8 40. Bf6 Qe8 41. Ne3 Nc5 42. Qd5 Qe4 43. g3 Qxd5 44. Nxd5 Bd6 45. Nxb6 Nxb3 46. Kf1 Nc5 47. Bd4 Ne6 48. Bc3 Bc7 49. Nd5 Bd8 50. Ke2 f5 51. Kd3 Nc5+ 52. Kc4 Ne4 53. Be1 Kf7 54. Kb5 Ke6 55. Nb6 g5 56. Nc4 f4 57. gxf4 gxf4 58. Nxa5 Kd5 59. Nc4 Kd4 60. a5 Bxa5 61. Bxa5 Kd3 62. f3 Ng5 63. Ne5+ Ke2 64. Kc5 Nxh3 65. Bd8 Ng1 66. Bg5 Nxf3 67. Bxf4 Nxe5 68. Bxe5 1/2-1/2